[Event "CB 2019"]
[Site "Roux, Belgium"]
[Date "2019.07.28"]
[Round "2.4"]
[White "Dgebuadze, Alexandre"]
[Black "Sterck, Arno"]
[Result "1-0"]
[WhiteTitle "GM"]
[BlackTitle "FM"]
[WhiteFideId "203882"]
[BlackFideId "228249"]
[WhiteElo "2495"]
[BlackElo "2316"]

1. c4 {[%clk 01:30:31]} {[%emt 00:00:29]} c6 {[%clk 01:30:34]} {[%emt
00:00:27]} 2. e4 {[%clk 01:30:52]} {[%emt 00:00:08]} d5 {[%clk 01:30:59]}
{[%emt 00:00:05]} 3. exd5 {[%clk 01:31:16]} {[%emt 00:00:06]} cxd5 {[%clk
01:31:27]} {[%emt 00:00:03]} 4. cxd5 {[%clk 01:31:40]} {[%emt 00:00:06]} Nf6
{[%clk 01:31:54]} {[%emt 00:00:03]} 5. Nc3 {[%clk 01:31:52]} {[%emt 00:00:18]}
g6 {[%clk 01:32:17]} {[%emt 00:00:07]} 6. Bb5+ {[%clk 01:23:48]} {[%emt
00:08:35]} Nbd7 {[%clk 01:30:07]} {[%emt 00:02:40]} 7. Nf3 {[%clk 01:21:28]}
{[%emt 00:02:49]} Bg7 {[%clk 01:24:02]} {[%emt 00:07:39]} 8. d6 {[%clk
01:19:39]} {[%emt 00:01:16]} O-O {[%clk 01:22:34]} {[%emt 00:04:26]} 9. dxe7
{[%clk 01:19:44]} Qxe7+ {[%clk 01:22:59]} 10. Be2 {[%clk 01:20:03]} {[%emt
00:00:01]} b5 {[%clk 01:16:44]} {[%emt 00:04:58]} 11. a3 {[%clk 01:16:29]}
{[%emt 00:08:22]} Bb7 {[%clk 01:08:50]} {[%emt 00:04:06]} 12. O-O {[%clk
01:16:08]} {[%emt 00:00:50]} a6 {[%clk 01:08:50]} {[%emt 00:00:31]} 13. d4
{[%clk 01:06:55]} {[%emt 00:09:43]} Qd6 {[%clk 01:09:03]} {[%emt 00:00:17]} 14.
Ng5 {[%clk 00:59:59]} {[%emt 00:07:26]} Rac8 {[%clk 00:52:26]} {[%emt
00:17:07]} 15. Bf3 {[%clk 00:59:29]} {[%emt 00:00:59]} Bxf3 {[%clk 00:52:48]}
{[%emt 00:00:10]} 16. Nxf3 {[%clk 00:59:44]} {[%emt 00:00:14]} Nb6 {[%clk
00:53:12]} {[%emt 00:00:06]} 17. Re1 {[%clk 00:58:19]} {[%emt 00:01:54]} Rfe8
{[%clk 00:47:30]} {[%emt 00:06:13]} 18. Bg5 {[%clk 00:52:18]} {[%emt 00:06:30]}
Nc4 {[%clk 00:41:09]} {[%emt 00:06:52]} 19. Bxf6 {[%clk 00:47:06]} {[%emt
00:06:36]} Qxf6 {[%clk 00:37:54]} {[%emt 00:02:51]} 20. Rxe8+ {[%clk 00:44:28]}
{[%emt 00:03:08]} Rxe8 {[%clk 00:38:15]} {[%emt 00:00:09]} 21. b3 {[%clk
00:44:47]} {[%emt 00:00:10]} Nd6 {[%clk 00:35:55]} {[%emt 00:02:51]} 22. Nd5
{[%clk 00:38:35]} {[%emt 00:06:42]} Qd8 {[%clk 00:33:57]} {[%emt 00:02:28]} 23.
Ne3 {[%clk 00:34:35]} {[%emt 00:04:30]} Ne4 {[%clk 00:29:15]} {[%emt 00:05:12]}
24. h3 {[%clk 00:29:47]} {[%emt 00:05:17]} Nc3 {[%clk 00:25:16]} {[%emt
00:04:29]} 25. Qd3 {[%clk 00:14:44]} {[%emt 00:15:32]} Bxd4 {[%clk 00:23:42]}
{[%emt 00:02:05]} 26. Nxd4 {[%clk 00:14:41]} {[%emt 00:00:32]} Qxd4 {[%clk
00:24:05]} {[%emt 00:00:08]} 27. Qxd4 {[%clk 00:13:37]} {[%emt 00:01:34]} Ne2+
{[%clk 00:24:30]} {[%emt 00:00:05]} 28. Kf1 {[%clk 00:13:43]} {[%emt 00:00:21]}
Nxd4 {[%clk 00:24:57]} {[%emt 00:00:06]} 29. b4 {[%clk 00:14:08]} {[%emt
00:00:05]} a5 {[%clk 00:09:15]} {[%emt 00:16:12]} 30. Rd1 {[%clk 00:13:05]}
{[%emt 00:01:32]} Nc6 {[%clk 00:09:13]} {[%emt 00:00:32]} 31. Rc1 {[%clk
00:07:12]} {[%emt 00:06:23]} Re6 {[%clk 00:03:22]} {[%emt 00:06:21]} 32. bxa5
{[%clk 00:06:43]} {[%emt 00:01:00]} Nxa5 {[%clk 00:03:44]} {[%emt 00:00:08]} 33.
Rc5 {[%clk 00:06:47]} {[%emt 00:00:26]} Rb6 {[%clk 00:00:41]} {[%emt 00:03:34]}
34. a4 {[%clk 00:03:35]} {[%emt 00:03:41]} b4 {[%clk 00:00:31]} {[%emt
00:00:40]} 35. Nd5 {[%clk 00:01:01]} {[%emt 00:03:04]} Ra6 {[%clk 00:00:31]}
{[%emt 00:00:31]} 36. Nxb4 {[%clk 00:01:20]} {[%emt 00:00:11]} Ra8 {[%clk
00:00:50]} {[%emt 00:03:04]} 37. Nd5 {[%clk 00:01:06]} {[%emt 00:00:02]} Nb7
{[%clk 00:00:32]} {[%emt 00:00:02]} 38. Rc8+ {[%clk 00:00:59]} {[%emt
00:00:01]} Rxc8 {[%clk 00:00:58]} 39. Ne7+ {[%clk 00:01:26]} Kf8 {[%clk
00:01:21]} 40. Nxc8 {[%clk 00:01:50]} Ke8 {[%clk 00:01:37]} 41. Nb6 {[%clk
00:01:28]} {[%emt 00:00:36]} Ke7 {[%clk 00:29:34]} {[%emt 00:02:32]} 42. Nc4
{[%clk 00:28:47]} {[%emt 00:03:10]} Nc5 {[%clk 00:28:12]} {[%emt 00:01:54]} 43.
a5 {[%clk 00:24:42]} {[%emt 00:04:34]} Ke6 {[%clk 00:28:19]} {[%emt 00:00:23]}
44. Ke2 {[%clk 00:24:44]} {[%emt 00:00:28]} Kd5 {[%clk 00:28:41]} {[%emt
00:00:08]} 45. Nd2 {[%clk 00:22:30]} {[%emt 00:02:43]} Kc6 {[%clk 00:27:09]}
{[%emt 00:02:03]} 46. Ke3 {[%clk 00:22:35]} {[%emt 00:00:25]} Kb5 {[%clk
00:26:59]} {[%emt 00:00:41]} 47. Ne4 {[%clk 00:21:36]} {[%emt 00:01:28]} Nb7
{[%clk 00:26:25]} {[%emt 00:01:04]} 48. Ng5 {[%clk 00:19:44]} {[%emt 00:03:24]}
Nd6 {[%clk 00:26:52]} 49. Kf4 {[%clk 00:16:05]} {[%emt 00:03:09]} h6 {[%clk
00:25:53]} {[%emt 00:04:33]} 50. Nh7 {[%clk 00:14:13]} {[%emt 00:00:07]} Nc4
{[%clk 00:23:13]} {[%emt 00:02:22]} 51. Nf6 {[%clk 00:14:19]} {[%emt 00:00:24]}
h5 {[%clk 00:12:47]} {[%emt 00:10:57]} 52. Nh7 {[%clk 00:11:10]} {[%emt
00:03:38]} Kxa5 {[%clk 00:11:48]} {[%emt 00:01:30]} 53. Ng5 {[%clk 00:10:54]}
{[%emt 00:00:45]} f5 {[%clk 00:12:10]} {[%emt 00:00:09]} 54. Nf7 {[%clk
00:10:13]} {[%emt 00:01:10]} Nd2 {[%clk 00:11:44]} {[%emt 00:00:58]} 55. Ne5
{[%clk 00:09:14]} {[%emt 00:01:27]} Ne4 {[%clk 00:11:17]} {[%emt 00:00:58]} 56.
f3 {[%clk 00:08:44]} {[%emt 00:03:44]} 1-0

[Event "CB 2019"]
[Site "Roux, Belgium"]
[Date "2019.07.28"]
[Round "2.2"]
[White "Van Der Stricht, Geert"]
[Black "Hovhannisyan, Mher"]
[Result "1/2-1/2"]
[WhiteTitle "IM"]
[BlackTitle "GM"]
[WhiteFideId "201324"]
[BlackFideId "13300865"]
[WhiteElo "2374"]
[BlackElo "2444"]

1. d4 {[%clk 01:30:53]} {[%emt 00:00:03]} d5 {[%clk 01:30:36]} {[%emt
00:00:28]} 2. c4 {[%clk 01:31:13]} {[%emt 00:00:07]} c6 {[%clk 01:31:03]}
{[%emt 00:00:05]} 3. Nc3 {[%clk 01:30:08]} {[%emt 00:01:35]} Nf6 {[%clk
01:30:40]} {[%emt 00:00:53]} 4. Nf3 {[%clk 01:28:51]} {[%emt 00:01:46]} dxc4
{[%clk 01:29:31]} {[%emt 00:01:39]} 5. a4 {[%clk 01:28:15]} {[%emt 00:01:06]}
Bf5 {[%clk 01:29:29]} {[%emt 00:00:32]} 6. Ne5 {[%clk 01:28:24]} {[%emt
00:00:21]} e6 {[%clk 01:29:16]} {[%emt 00:00:44]} 7. f3 {[%clk 01:28:13]}
{[%emt 00:00:41]} Bb4 {[%clk 01:28:19]} {[%emt 00:01:28]} 8. e4 {[%clk
01:28:22]} {[%emt 00:00:21]} Bxe4 {[%clk 01:28:04]} {[%emt 00:00:45]} 9. fxe4
{[%clk 01:28:19]} {[%emt 00:00:32]} Nxe4 {[%clk 01:28:25]} {[%emt 00:00:09]} 10.
Bd2 {[%clk 01:27:58]} {[%emt 00:00:52]} Qxd4 {[%clk 01:28:23]} {[%emt
00:00:32]} 11. Nxe4 {[%clk 01:27:57]} {[%emt 00:00:30]} Qxe4+ {[%clk 01:28:29]}
{[%emt 00:00:24]} 12. Qe2 {[%clk 01:28:10]} {[%emt 00:00:16]} Bxd2+ {[%clk
01:28:47]} {[%emt 00:00:13]} 13. Kxd2 {[%clk 01:28:36]} {[%emt 00:00:04]} Qd5+
{[%clk 01:27:45]} {[%emt 00:01:32]} 14. Kc2 {[%clk 01:28:15]} {[%emt 00:00:51]}
Na6 {[%clk 01:26:42]} {[%emt 00:01:33]} 15. Nxc4 {[%clk 01:27:09]} {[%emt
00:03:23]} O-O {[%clk 01:26:34]} {[%emt 00:00:05]} 16. Qe5 {[%clk 01:24:04]}
{[%emt 00:02:24]} Rac8 {[%clk 01:25:47]} {[%emt 00:03:20]} 17. Rd1 {[%clk
01:14:28]} {[%emt 00:13:21]} Nb4+ {[%clk 01:20:37]} {[%emt 00:00:21]} 18. Kc1
{[%clk 01:14:41]} {[%emt 00:00:17]} Na2+ {[%clk 01:20:07]} {[%emt 00:01:00]} 19.
Kc2 {[%clk 01:14:51]} {[%emt 00:00:20]} Nb4+ {[%clk 01:20:35]} {[%emt
00:00:03]} 20. Kc1 {[%clk 01:15:12]} {[%emt 00:00:07]} Na2+ {[%clk 01:20:59]}
{[%emt 00:00:06]} 21. Kc2 {[%clk 01:15:36]} {[%emt 00:00:07]} Nb4+ {[%clk
01:21:25]} {[%emt 00:00:04]} 22. Kc1 {[%clk 01:16:00]} {[%emt 00:00:06]} Na2+
{[%clk 01:21:51]} {[%emt 00:00:04]} 23. Kc2 {[%clk 01:16:24]} {[%emt 00:00:06]}
1/2-1/2

[Event "CB 2019"]
[Site "Roux, Belgium"]
[Date "2019.07.28"]
[Round "2.1"]
[White "Cools, Gorik"]
[Black "Real, Thibault"]
[Result "0-1"]
[WhiteTitle "FM"]
[WhiteFideId "200298"]
[BlackFideId "205559"]
[WhiteElo "2280"]
[BlackElo "2262"]

1. Nf3 {[%clk 01:30:57]} {[%emt 00:00:02]} d5 {[%clk 01:29:54]} {[%emt
00:01:07]} 2. g3 {[%clk 01:31:08]} {[%emt 00:00:18]} Nf6 {[%clk 01:30:10]}
{[%emt 00:00:15]} 3. Bg2 {[%clk 01:31:25]} {[%emt 00:00:12]} e6 {[%clk
01:30:34]} {[%emt 00:00:06]} 4. O-O {[%clk 01:31:46]} {[%emt 00:00:09]} Be7
{[%clk 01:31:02]} {[%emt 00:00:03]} 5. d3 {[%clk 01:31:52]} {[%emt 00:00:24]}
O-O {[%clk 01:29:57]} {[%emt 00:01:35]} 6. Nbd2 {[%clk 01:32:14]} {[%emt
00:00:08]} c5 {[%clk 01:30:21]} {[%emt 00:00:07]} 7. e4 {[%clk 01:32:35]}
{[%emt 00:00:08]} Nc6 {[%clk 01:30:45]} {[%emt 00:00:07]} 8. Re1 {[%clk
01:33:01]} {[%emt 00:00:04]} b5 {[%clk 01:30:26]} {[%emt 00:00:49]} 9. e5
{[%clk 01:33:10]} {[%emt 00:00:21]} Nd7 {[%clk 01:30:42]} {[%emt 00:00:14]} 10.
Nf1 {[%clk 01:33:31]} {[%emt 00:00:08]} Bb7 {[%clk 01:30:00]} {[%emt 00:01:12]}
11. h4 {[%clk 01:32:42]} {[%emt 00:01:19]} Qc7 {[%clk 01:30:25]} {[%emt
00:00:06]} 12. Bf4 {[%clk 01:30:36]} {[%emt 00:02:35]} Rfc8 {[%clk 01:30:48]}
{[%emt 00:00:07]} 13. N1h2 {[%clk 01:12:10]} {[%emt 00:18:56]} Qd8 {[%clk
01:30:54]} {[%emt 00:00:23]} 14. h5 {[%clk 01:11:51]} {[%emt 00:00:49]} h6
{[%clk 01:31:19]} {[%emt 00:00:06]} 15. Qd2 {[%clk 01:11:32]} {[%emt 00:00:49]}
Bf8 {[%clk 01:16:00]} {[%emt 00:15:49]} 16. g4 {[%clk 01:02:06]} {[%emt
00:09:56]} Ne7 {[%clk 01:14:16]} {[%emt 00:02:14]} 17. Bg3 {[%clk 00:36:15]}
{[%emt 00:26:21]} Nb6 {[%clk 01:00:38]} {[%emt 00:14:08]} 18. Nh4 {[%clk
00:32:49]} {[%emt 00:03:56]} Nc6 {[%clk 00:57:32]} {[%emt 00:03:37]} 19. f4
{[%clk 00:31:36]} {[%emt 00:03:23]} c4 {[%clk 00:53:23]} {[%emt 00:02:59]} 20.
Rf1 {[%clk 00:26:08]} {[%emt 00:05:58]} cxd3 {[%clk 00:52:38]} {[%emt
00:01:16]} 21. cxd3 {[%clk 00:26:33]} {[%emt 00:00:05]} Nd4 {[%clk 00:43:54]}
{[%emt 00:09:14]} 22. Rac1 {[%clk 00:21:54]} {[%emt 00:05:09]} Rxc1 {[%clk
00:44:01]} {[%emt 00:00:23]} 23. Rxc1 {[%clk 00:22:18]} {[%emt 00:00:06]} Rc8
{[%clk 00:40:50]} {[%emt 00:03:42]} 24. Rxc8 {[%clk 00:21:38]} {[%emt
00:01:11]} Qxc8 {[%clk 00:40:29]} {[%emt 00:00:50]} 25. Be1 {[%clk 00:04:36]}
{[%emt 00:17:32]} Nc2 {[%clk 00:22:30]} {[%emt 00:18:29]} 26. Bf2 {[%clk
00:04:38]} {[%emt 00:00:27]} Na4 {[%clk 00:19:23]} {[%emt 00:03:38]} 27. g5
{[%clk 00:04:52]} {[%emt 00:00:16]} Nb4 {[%clk 00:15:47]} {[%emt 00:04:06]} 28.
gxh6 {[%clk 00:04:05]} {[%emt 00:01:18]} gxh6 {[%clk 00:11:33]} {[%emt
00:04:44]} 29. Ng4 {[%clk 00:04:28]} {[%emt 00:00:07]} Qc2 {[%clk 00:11:09]}
{[%emt 00:00:54]} 30. Nf6+ {[%clk 00:04:32]} {[%emt 00:00:25]} Kh8 {[%clk
00:10:55]} {[%emt 00:00:45]} 31. Qxc2 {[%clk 00:04:57]} {[%emt 00:00:05]} Nxc2
{[%clk 00:11:13]} {[%emt 00:00:12]} 32. f5 {[%clk 00:04:31]} {[%emt 00:00:57]}
Bc5 {[%clk 00:08:36]} {[%emt 00:03:06]} 33. fxe6 {[%clk 00:04:31]} {[%emt
00:00:30]} fxe6 {[%clk 00:08:40]} {[%emt 00:00:27]} 34. Ng6+ {[%clk 00:04:57]}
{[%emt 00:00:03]} Kg7 {[%clk 00:09:02]} {[%emt 00:00:08]} 35. Ne8+ {[%clk
00:03:29]} {[%emt 00:01:58]} Kg8 {[%clk 00:06:57]} {[%emt 00:02:35]} 36. Bh3
{[%clk 00:03:45]} {[%emt 00:00:15]} Bc8 {[%clk 00:03:58]} {[%emt 00:03:29]} 37.
Nc7 {[%clk 00:03:01]} {[%emt 00:01:13]} Bxf2+ {[%clk 00:00:42]} 38. Kxf2 {[%clk
00:03:26]} {[%emt 00:03:55]} Nxb2 {[%clk 00:00:39]} {[%emt 00:03:15]} 39. Ne7+
{[%clk 00:03:45]} Kf7 {[%clk 00:00:50]} 40. Nxc8 {[%clk 00:04:08]} {[%emt
00:00:01]} Nxd3+ {[%clk 00:01:12]} 41. Kg3 {[%clk 00:03:58]} {[%emt 00:00:02]}
Nxe5 {[%clk 00:26:07]} {[%emt 00:04:09]} 42. Bxe6+ {[%clk 00:27:47]} {[%emt
00:06:42]} Kf6 {[%clk 00:26:32]} {[%emt 00:00:05]} 43. Bxd5 {[%clk 00:27:55]}
{[%emt 00:00:22]} a5 {[%clk 00:13:27]} {[%emt 00:14:18]} 44. Nxb5 {[%clk
00:26:31]} {[%emt 00:01:10]} Kg5 {[%clk 00:13:11]} {[%emt 00:00:45]} 45. Ncd6
{[%clk 00:24:40]} {[%emt 00:05:46]} Kxh5 {[%clk 00:10:52]} {[%emt 00:00:07]} 46.
Be4 {[%clk 00:16:37]} {[%emt 00:07:50]} Nb4 {[%clk 00:08:35]} {[%emt 00:02:46]}
47. a3 {[%clk 00:16:45]} {[%emt 00:00:23]} Nbd3 {[%clk 00:08:58]} {[%emt
00:00:07]} 48. Nb7 {[%clk 00:15:02]} {[%emt 00:02:13]} a4 {[%clk 00:09:22]}
{[%emt 00:00:06]} 49. Nc3 {[%clk 00:13:20]} {[%emt 00:02:12]} Kg5 {[%clk
00:05:45]} {[%emt 00:04:07]} 50. Nxa4 {[%clk 00:11:02]} {[%emt 00:02:49]} h5
{[%clk 00:05:37]} {[%emt 00:00:37]} 51. Nac5 {[%clk 00:11:27]} {[%emt
00:00:05]} h4+ {[%clk 00:05:58]} {[%emt 00:00:09]} 52. Kh2 {[%clk 00:11:40]}
{[%emt 00:00:17]} Nf2 {[%clk 00:03:46]} {[%emt 00:04:21]} 53. Bg2 {[%clk
00:10:21]} {[%emt 00:00:10]} Neg4+ {[%clk 00:03:43]} {[%emt 00:00:34]} 54. Kg1
{[%clk 00:10:40]} {[%emt 00:00:09]} h3 {[%clk 00:04:09]} {[%emt 00:00:05]} 55.
Ne4+ {[%clk 00:10:58]} {[%emt 00:00:11]} Nxe4 {[%clk 00:03:52]} {[%emt
00:00:47]} 56. Bxe4 {[%clk 00:11:24]} {[%emt 00:00:04]} Kf4 {[%clk 00:01:38]}
{[%emt 00:02:45]} 57. Bc6 {[%clk 00:11:01]} {[%emt 00:00:53]} Kg3 {[%clk
00:01:44]} {[%emt 00:00:24]} 58. Nd6 {[%clk 00:10:00]} {[%emt 00:01:30]} h2+
{[%clk 00:00:43]} {[%emt 00:01:32]} 59. Kf1 {[%clk 00:10:23]} {[%emt 00:00:06]}
Ne3+ {[%clk 00:00:56]} {[%emt 00:00:18]} 60. Ke2 {[%clk 00:10:49]} {[%emt
00:00:05]} Nc2 {[%clk 00:01:21]} {[%emt 00:00:05]} 61. Nb5 {[%clk 00:10:17]}
{[%emt 00:01:02]} Kf4 {[%clk 00:01:19]} {[%emt 00:00:31]} 62. a4 {[%clk
00:10:18]} {[%emt 00:00:30]} Nb4 {[%clk 00:00:54]} {[%emt 00:00:55]} 63. Bb7
{[%clk 00:09:53]} {[%emt 00:00:54]} Ke5 {[%clk 00:00:56]} {[%emt 00:00:29]} 64.
a5 {[%clk 00:10:10]} {[%emt 00:00:13]} Nd5 {[%clk 00:01:20]} {[%emt 00:00:06]}
65. Nc7 {[%clk 00:07:06]} {[%emt 00:05:05]} h1=Q {[%clk 00:01:41]} 66. Nxd5
{[%clk 00:07:33]} Qe4+ {[%clk 00:01:51]} 67. Kf2 {[%clk 00:07:00]} {[%emt
00:00:01]} Qc2+ {[%clk 00:02:14]} {[%emt 00:00:08]} 0-1

[Event "CB 2019"]
[Site "Roux, Belgium"]
[Date "2019.07.29"]
[Round "4.1"]
[White "Cools, Gorik"]
[Black "Van Der Stricht, Geert"]
[Result "0-1"]
[WhiteTitle "FM"]
[BlackTitle "IM"]
[WhiteFideId "200298"]
[BlackFideId "201324"]
[WhiteElo "2280"]
[BlackElo "2374"]

1. e4 {[%clk 01:30:56]} {[%emt 00:00:02]} c5 {[%clk 01:29:49]} {[%emt
00:01:12]} 2. Nf3 {[%clk 01:31:17]} {[%emt 00:00:09]} d6 {[%clk 01:29:49]}
{[%emt 00:00:30]} 3. d4 {[%clk 01:31:37]} {[%emt 00:00:10]} cxd4 {[%clk
01:30:04]} {[%emt 00:00:21]} 4. Nxd4 {[%clk 01:32:00]} {[%emt 00:00:02]} Nf6
{[%clk 01:30:26]} {[%emt 00:01:45]} 5. Nc3 {[%clk 01:32:26]} a6 {[%clk
01:30:36]} {[%emt 00:00:04]} 6. f4 {[%clk 01:32:36]} {[%emt 00:00:03]} e5
{[%clk 01:30:30]} {[%emt 00:00:05]} 7. Nf3 {[%clk 01:32:58]} {[%emt 00:00:01]}
Nbd7 {[%clk 01:30:28]} {[%emt 00:00:09]} 8. a4 {[%clk 01:33:03]} {[%emt
00:00:26]} Be7 {[%clk 01:28:40]} {[%emt 00:02:18]} 9. Bc4 {[%clk 01:33:05]}
{[%emt 00:00:27]} O-O {[%clk 01:10:43]} {[%emt 00:18:28]} 10. O-O {[%clk
01:32:58]} {[%emt 00:00:36]} Qc7 {[%clk 00:52:51]} {[%emt 00:18:23]} 11. Qe2
{[%clk 01:27:50]} {[%emt 00:05:38]} Nb6 {[%clk 00:46:43]} {[%emt 00:06:38]} 12.
Bb3 {[%clk 01:13:37]} {[%emt 00:14:42]} Bg4 {[%clk 00:46:42]} {[%emt 00:00:31]}
13. a5 {[%clk 01:02:55]} {[%emt 00:11:13]} Nbd7 {[%clk 00:46:54]} {[%emt
00:00:17]} 14. f5 {[%clk 01:02:35]} {[%emt 00:00:50]} d5 {[%clk 00:33:16]}
{[%emt 00:14:08]} 15. Nxd5 {[%clk 00:46:09]} {[%emt 00:16:56]} Nxd5 {[%clk
00:33:35]} {[%emt 00:00:11]} 16. Bxd5 {[%clk 00:46:35]} {[%emt 00:00:05]} Bb4
{[%clk 00:21:59]} {[%emt 00:12:06]} 17. h3 {[%clk 00:42:19]} {[%emt 00:04:46]}
Bxf3 {[%clk 00:22:15]} {[%emt 00:00:14]} 18. Rxf3 {[%clk 00:42:44]} {[%emt
00:00:05]} Nf6 {[%clk 00:19:57]} {[%emt 00:02:48]} 19. Bb3 {[%clk 00:25:30]}
{[%emt 00:17:44]} Bxa5 {[%clk 00:19:04]} {[%emt 00:01:23]} 20. g4 {[%clk
00:21:03]} {[%emt 00:04:57]} Bb6+ {[%clk 00:14:25]} {[%emt 00:05:09]} 21. Kh2
{[%clk 00:20:42]} {[%emt 00:00:50]} Qc6 {[%clk 00:13:49]} {[%emt 00:01:07]} 22.
Ra4 {[%clk 00:20:57]} {[%emt 00:00:14]} Bd4 {[%clk 00:11:14]} {[%emt 00:03:06]}
23. c3 {[%clk 00:18:56]} {[%emt 00:02:31]} b5 {[%clk 00:07:42]} {[%emt
00:04:02]} 24. Ra1 {[%clk 00:18:19]} {[%emt 00:01:07]} Bc5 {[%clk 00:07:42]}
{[%emt 00:00:31]} 25. Bc2 {[%clk 00:18:40]} {[%emt 00:00:09]} Rfd8 {[%clk
00:05:47]} {[%emt 00:02:24]} 26. Rg3 {[%clk 00:13:36]} {[%emt 00:05:34]} g6
{[%clk 00:04:57]} {[%emt 00:01:21]} 27. Bg5 {[%clk 00:13:21]} {[%emt 00:00:45]}
Rd7 {[%clk 00:03:19]} {[%emt 00:02:08]} 28. Rf1 {[%clk 00:09:00]} {[%emt
00:04:50]} Be7 {[%clk 00:03:41]} {[%emt 00:00:08]} 29. h4 {[%clk 00:05:20]}
{[%emt 00:04:10]} Rad8 {[%clk 00:03:23]} {[%emt 00:00:48]} 30. Kh3 {[%clk
00:05:08]} {[%emt 00:00:42]} Kh8 {[%clk 00:02:04]} {[%emt 00:01:50]} 31. Rgf3
{[%clk 00:02:13]} {[%emt 00:03:24]} h5 {[%clk 00:01:37]} {[%emt 00:00:57]} 32.
Bxf6+ {[%clk 00:02:40]} {[%emt 00:00:03]} Qxf6 {[%clk 00:01:55]} {[%emt
00:00:11]} 33. g5 {[%clk 00:02:57]} {[%emt 00:00:13]} Qb6 {[%clk 00:01:46]}
{[%emt 00:00:39]} 34. Rd1 {[%clk 00:02:03]} {[%emt 00:01:24]} Rxd1 {[%clk
00:01:13]} {[%emt 00:01:04]} 35. Bxd1 {[%clk 00:02:29]} {[%emt 00:00:05]} Qd6
{[%clk 00:01:10]} {[%emt 00:00:32]} 36. Bb3 {[%clk 00:02:49]} {[%emt 00:00:10]}
f6 {[%clk 00:01:03]} {[%emt 00:00:37]} 37. fxg6 {[%clk 00:02:58]} {[%emt
00:00:20]} fxg5 {[%clk 00:00:42]} {[%emt 00:00:51]} 38. g7+ {[%clk 00:01:53]}
{[%emt 00:01:35]} Kxg7 {[%clk 00:00:45]} {[%emt 00:00:27]} 39. Rf7+ {[%clk
00:02:16]} {[%emt 00:00:08]} Kg6 {[%clk 00:00:58]} {[%emt 00:00:17]} 40. Qf2
{[%clk 00:01:31]} {[%emt 00:01:15]} Qd3+ {[%clk 00:00:31]} {[%emt 00:00:56]} 41.
Kh2 {[%clk 00:01:49]} {[%emt 00:00:13]} Qd2 {[%clk 00:29:59]} {[%emt 00:01:02]}
42. hxg5 {[%clk 00:23:01]} {[%emt 00:09:18]} Bxg5 {[%clk 00:28:10]} {[%emt
00:04:08]} 43. Kg2 {[%clk 00:22:56]} {[%emt 00:00:07]} Bh4 {[%clk 00:14:55]}
{[%emt 00:12:23]} 44. Qxd2 {[%clk 00:22:07]} {[%emt 00:01:20]} Rxd2+ {[%clk
00:15:20]} {[%emt 00:00:05]} 45. Kh3 {[%clk 00:22:31]} {[%emt 00:00:05]} Rxb2
{[%clk 00:07:31]} {[%emt 00:08:20]} 46. Kxh4 {[%clk 00:10:03]} {[%emt
00:12:59]} Rxb3 {[%clk 00:07:57]} {[%emt 00:00:04]} 47. Rf5 {[%clk 00:10:27]}
{[%emt 00:00:06]} Rxc3 {[%clk 00:03:27]} {[%emt 00:05:00]} 48. Rxe5 {[%clk
00:10:04]} {[%emt 00:00:51]} Rc6 {[%clk 00:01:50]} {[%emt 00:02:08]} 49. Rg5+
{[%clk 00:10:10]} {[%emt 00:00:24]} Kf7 {[%clk 00:02:12]} {[%emt 00:00:07]} 50.
Kxh5 {[%clk 00:09:41]} {[%emt 00:01:00]} b4 {[%clk 00:01:57]} {[%emt 00:00:44]}
0-1